| 000 | 00945nam a22001937a 4500 | ||
|---|---|---|---|
| 005 | 20260127154341.0 | ||
| 008 | 230721b ||||| |||| 00| 0 eng d | ||
| 040 |
_cSSBUL _dSSBUL |
||
| 082 |
_223 _a၆၂၇.၈၀၀၉၅၉၁ ဗ ၁၆၀၅၂ (S-SAT) |
||
| 100 |
_aဗထွေး၊ _cသိပ္ပံ။ _928213 |
||
| 245 |
_aမိုးဗြဲ / _cသိပ္ပံဗထွေး။ |
||
| 260 |
_aရန်ကုန်၊ _bစာပေဗိမာန်၊ _c၁၉၇၅။ |
||
| 300 |
_a၁၂၇ စာမျက်နှာ၊ _bဓာတ်ပုံများ၊ _c၁၇ စင်တီ။ |
||
| 440 |
_aစာပေဗိမာန်ထုတ် ပြည်သူ့လက်စွဲစာစဉ်။ _927865 |
||
| 500 | _aS-SAT: Dr. Prof Sai Aung Tun | ||
| 650 |
_aမိုးဗြဲဆည် _zမြန်မာနိုင်ငံ။ _928214 |
||
| 650 |
_aဆည်များ။ _928215 |
||
| 942 |
_2ddc _cBK1 |
||
| 999 |
_c27383 _d27383 |
||